000 00582nam a2200229Ia 4500
003 OSt
005 20221007074129.0
006 a|||||r|||| 00| 0
007 ta
008 221006b |||||||| |||| 00| 0 eng d
024 _a18,396
037 _cTextual
040 _aFLL
_cFLL
_beng
041 _2eng
_aeng
082 _aZWXM7, G2
100 _aMitter B. Au.
_9692547
245 0 _aIndian judges
260 _aMadras
_bG.A. natesan and co. India
_c1932
300 _a507p
_ccm.
942 _hZWXM7, G2
_cTEXL
_2CC
999 _c1151267
_d1151267